Κοινοτική Εργασία / Θεωρία και Πράξη (Record no. 4334)
[ view plain ]
| 000 -LEADER | |
|---|---|
| fixed length control field | 01391cam a22001934a 4500 |
| 005 - ΗΜΕΡΟΜΗΝΙΑ ΚΑΙ ΩΡΑ ΤΕΛΕΥΤΑΙΑΣ ΕΝΗΜΕΡΩΣΗΣ | |
| Πεδίο ελέγχου | 20250605164143.0 |
| 008 - FIXED-LENGTH DATA ELEMENTS--GENERAL INFORMATION | |
| Πεδίο ελέγχου σταθερού μήκους | 250528s ||||||||||||||||||||||||d |
| 035 ## - SYSTEM CONTROL NUMBER | |
| System control number | 19050 |
| 020 ## - ISBN | |
| ISBN | 9604052284 |
| 040 ## - ΠΗΓΗ ΚΑΤΑΛΟΓΟΓΡΑΦΗΣΗΣ | |
| Φορέας πρωτότυπης καταλογογράφησης | MC Athens Campus Library |
| Γλώσσα καταλογογράφησης | Ελληνικά, Μοντέρνα (1453-) |
| Modifying agency | MC Athens Campus Library |
| Κανόνες περιγραφικής καταλογογράφησης | AACR2 |
| 245 1# - ΤΙΤΛΟΣ ΚΑΙ ΔΗΛΩΣΗ ΥΠΕΥΘΥΝΟΤΗΤΑΣ | |
| Τίτλος | Κοινοτική Εργασία / Θεωρία και Πράξη |
| 260 ## - PUBLICATION, DISTRIBUTION, ETC. | |
| Name of publisher, distributor, etc. | Ίων, |
| Date of publication, distribution, etc. | 1990 |
| 300 ## - PHYSICAL DESCRIPTION | |
| Extent | 290 |
| 520 ## - SUMMARY, ETC. | |
| Summary, etc. | Η Κοινοτική Εργασία είναι μια συστηματική μέθοδος παρέμβασης για την επίλυση κοινωνικών προβλημάτων, κυρίως σε επίπεδο κοινότητας. Πίνακας Σχημάτων, Αρκτικόλεξα, Κοινοτική Εργασία: Μια Γενική Θεώρηση, Ιστορική Αναδρομή της Κοινοτικής Εργασίας, Θεωρητικό Υπόβαθρο της Κοινοτικής Εργασίας, Θεωρητικές Προσεγγίσεις για τη Μελέτη της Κοινότητας, Κοινωνική και Πολιτική Διάρθρωση της Κοινότητας, Πρότυπα Πρακτικής στην Κοινοτική Εργασία, Επίλογος, Βιβλιογραφία, Ευρετήριο Ονομάτων. |
| 700 1# - ΠΡΟΣΘΕΤΗ ΑΝΑΓΡΑΦΗ--ΦΥΣΙΚΟ ΠΡΟΣΩΠΟ | |
| Personal name | Σταθόπουλος Πέτρος Α |
| 9 (RLIN) | 5319 |
| 942 ## - ADDED ENTRY ELEMENTS (KOHA) | |
| Koha item type | Books |
| Τύπος τεκμηρίου | Βιβλιοθήκη | Τρέχουσα τοποθεσία | Barcode | Αριθμός εισαγωγής | Ημερομηνία απόκτησης | Ταξιθετικό σύμβολο | Αριθμός αντιτύπου | Κατάσταση απόσυρσης | Κατάσταση χαμένου | Κατάσταση κατεστραμμένου | Μη δανεισμός | Σύνολο δανεισμών | Ημερομηνία τελευταίας εμφάνισης | Η τιμή ισχύει από |
|---|---|---|---|---|---|---|---|---|---|---|---|---|---|---|
| Books | MC Athens Campus Library | MC Athens Campus Library | 9780000043337 | 3987 | 05/06/2025 | 361.25 STA | 1 | 05/06/2025 | 05/06/2025 |